Central Library OPAC University of Rajshahi

A guide to the constellations / (Record no. 9886)

MARC details
000 -LEADER
fixed length control field 00717nam a22002411a 4500
001 - CONTROL NUMBER
control field 9886
003 - CONTROL NUMBER IDENTIFIER
rucl marc code BD-RjUL
005 - DATE AND TIME OF LATEST TRANSACTION
control field 20211208234846.0
008 - FIXED-LENGTH DATA ELEMENTS--GENERAL INFORMATION
fixed length control field 140122s1943 nyu 001 0 eng d
035 ## - SYSTEM CONTROL NUMBER
System control number (BD-RjUL)9931
040 ## - CATALOGING SOURCE
Original cataloging agency ANL
Language of cataloging eng
Transcribing agency ANL
Modifying agency BD-RjUL
041 ## - LANGUAGE CODE
Language code of text/sound track or separate title eng
082 ## - DEWEY DECIMAL CLASSIFICATION NUMBER
Classification number 359.32550973
Author mark and year BAG 1943
100 1# - MAIN ENTRY--PERSONAL NAME
Personal name Barton, Samuel Goodwin,
Dates associated with a name 1882-
9 (RLIN) 30546
245 12 - TITLE STATEMENT
Title A guide to the constellations /
Statement of responsibility, etc. Samuel G. Barton and Wm. H. Barton.
250 ## - EDITION STATEMENT
Edition statement [3rd ed.].
260 ## - PUBLICATION, DISTRIBUTION, ETC. (IMPRINT)
Place of publication, distribution, etc. [New York] :
Name of publisher, distributor, etc. McGraw,
Date of publication, distribution, etc. c1943
300 ## - PHYSICAL DESCRIPTION
Pagination x, 80p. :
Illustrations illus.
Size 30 cm.
650 #0 - SUBJECT ADDED ENTRY--TOPICAL TERM
Topical term or geographic name as entry element Constellation.
9 (RLIN) 30548
700 1# - ADDED ENTRY--PERSONAL NAME
Personal name Barton, William Henry.
942 ## - ADDED ENTRY ELEMENTS (KOHA)
Source of classification or shelving scheme Dewey Decimal Classification
Koha item type Books
Holdings
Lost status Source of classification or shelving scheme Damaged status Not for loan Collection code Permanent Location Current Location Shelving location Date acquired Source of acquisition Cost, normal purchase price Total Checkouts Full call number Date last seen Copy number Koha item type
  Dewey Decimal Classification   Not For Loan Non-fiction Central Library, University of Rajshahi Central Library, University of Rajshahi Reading Room 05/08/1956 B.H. Blackweu. 2.10   359.32550973 BAG 1943 22/01/2014 C-1 Books